LEADER 01020nam a2200229 i 4500 001 000000176161 003 CaOOAMICUS 005 20250902154134.0 008 090522s1986 xxk u000 u mul u 040 $aSeMil$bita 245 10$a8: 612B - 697C /$cwith an english translation by Paul A. Clement [and] Herbert B. Hoffleit. 300 $aXII, 527 p. 490 1 $aThe Loeb Classical Library ;$v424 700 1 $aHoffleit, Herbert Benno,$d<1905-1981>.$0(OLS)http://semarc/name/65607 700 1 $aClement, Paul A.$0(OLS)http://semarc/name/65606 773 0 $aPlutarchus <46-120>$tPlutarch's moralia.$dCambridge, Massachusetts : Harvard University Press ; London : Heinemann, 1968-1986.$g8$w()20386 830 4$aThe Loeb Classical Library ;$v424.$0(OLS)http://semarc/title/26868 850 $aSeMil 852 $aSeMil$W1$xVenegono$y1$m1Y III 12/8$j261265$B126983$CSeMilBibl$Z2$F137572 $81 961 $aOmaggio: Villa don Cesare 996 $6245$a8: 612B - 697C$9(OLS)http://semarc/title/252773 LEADER 01127nam a2200289 i 4500 001 000000110686 003 CaOOAMICUS 005 20021210000000.0 008 021210s1985 it u000 u ita u 013 $a83367 020 $a88-343-2859-0 040 $aSeMil$bita 245 10$aPotere politico e immagine paterna /$cGiorgio Campanini. 260 $aMilano :$bVita e Pensiero,$ccopyr. 1985. 300 $aXIV, 212 p. ;$c20 cm. 490 0 $aProblemi sociali ;$v9 500 $aFondo Card. C.M. Martini. 650 4$aAutoritą.$0(OLS)http://semarc/subject/9383 650 4$aFamiglia - Concezione - Sec. 16.-20.$0(OLS)http://semarc/subject/19712 830 0$aProblemi sociali ;$v9.$0(OLS)http://semarc/title/10822 850 $aSeMil 852 $aSeMil$W1$xVenegono$y1$m3N I 480$j66549$B66549$CSeMilBibl$Z2$F92281 $81 941 1 $a4 961 $aOmaggio: Martini Card. Carlo Maria 996 $6020$a88-343-2859-0$9(OLS)http://semarc/number/92561 996 $6245$aPotere politico e immagine paterna$9(OLS)http://semarc/title/160916 996 $6260$aMilano :$bVita e Pensiero$9(OLS)http://semarc/publisher/29642